Blogs Wikis Podcasts & More / (Record no. 14063)
[ view plain ]
| 000 -LEADER | |
|---|---|
| fixed length control field | 02186nam a22003137a 4500 |
| 008 - FIXED-LENGTH DATA ELEMENTS--GENERAL INFORMATION | |
| fixed length control field | 100607t xxu||||| |||| 00| 0 eng d |
| 020 ## - INTERNATIONAL STANDARD BOOK NUMBER | |
| International Standard Book Number | 9780230223912 |
| 082 ## - DEWEY DECIMAL CLASSIFICATION NUMBER | |
| Edition number | 22 |
| Classification number | 006.7 |
| Item number | PUL |
| 100 1# - MAIN ENTRY--PERSONAL NAME | |
| Personal name | Pulman, Andy |
| 9 (RLIN) | 14607 |
| 245 ## - TITLE STATEMENT | |
| Title | Blogs Wikis Podcasts & More / |
| Statement of responsibility, etc | Andy Pulman. |
| 260 ## - PUBLICATION, DISTRIBUTION, ETC. (IMPRINT) | |
| Place of publication, distribution, etc | England : |
| Name of publisher, distributor, etc | Palgrave, |
| Date of publication, distribution, etc | c2009. |
| 300 ## - PHYSICAL DESCRIPTION | |
| Extent | x, 112 p.: |
| Other physical details | ill.; |
| Dimensions | 19 cm. |
| 490 ## - Series Statement | |
| Series statement | Pocket study skills |
| -- | 14612 |
| 650 ## - SUBJECT ADDED ENTRY--TOPICAL TERM | |
| Topical term or geographic name as entry element | Wikis |
| General subdivision | (Computer science) |
| 9 (RLIN) | 14608 |
| 650 ## - SUBJECT ADDED ENTRY--TOPICAL TERM | |
| Topical term or geographic name as entry element | Podcasting |
| 9 (RLIN) | 14609 |
| 650 ## - SUBJECT ADDED ENTRY--TOPICAL TERM | |
| Topical term or geographic name as entry element | Blogs. |
| 9 (RLIN) | 14610 |
| 650 ## - SUBJECT ADDED ENTRY--TOPICAL TERM | |
| Topical term or geographic name as entry element | Online social networks. |
| 9 (RLIN) | 14611 |
| 942 ## - ADDED ENTRY ELEMENTS (KOHA) | |
| Source of classification or shelving scheme | Dewey Decimal Classification |
| Item type | Book - Borrowing |
| Withdrawn status | Item status | Source of classification or shelving scheme | Damaged status | Not for loan | Vendor | Home library | Current library | Shelving location | Date acquired | Source of acquisition | Cost, normal purchase price | Serial Enumeration / chronology | Total Checkouts | Full call number | Barcode | Date last seen | Date last borrowed | Koha item type | Total Renewals | Cost, replacement price | Materials specified (bound volume or other part) |
|---|---|---|---|---|---|---|---|---|---|---|---|---|---|---|---|---|---|---|---|---|---|
| Dewey Decimal Classification | Baccah | Central Library | Central Library | Lower Floor | 07/06/2010 | 80.00 | 10267 | 1 | 006.7 PUL | 000020861 | 15/07/2025 | 12/11/2023 | Book - Borrowing | ||||||||
| Dewey Decimal Classification | Baccah | Central Library | Central Library | Lower Floor | 07/06/2010 | 80.00 | 10267 | 1 | 006.7 PUL | 000020929 | 15/07/2025 | 19/04/2023 | Book - Borrowing | 13 | |||||||
| Dewey Decimal Classification | Baccah | Central Library | Central Library | Lower Floor | 07/06/2010 | 80.00 | 10314 | 1 | 006.7 PUL | 000020928 | 15/07/2025 | 23/09/2014 | Book - Borrowing | 100.00 | |||||||
| Dewey Decimal Classification | Baccah | Central Library | Central Library | Lower Floor | 07/06/2010 | 80.00 | 10314 | 1 | 006.7 PUL | 000020927 | 15/07/2025 | 09/04/2013 | Book - Borrowing | ||||||||
| Dewey Decimal Classification | Baccah | Central Library | Central Library | Lower Floor | 07/06/2010 | 80.00 | 10314 | 1 | 006.7 PUL | 000020926 | 15/07/2025 | 19/02/2012 | Book - Borrowing | 3 | |||||||
| Dewey Decimal Classification | Baccah | Central Library | Central Library | Lower Floor | 07/06/2010 | 80.00 | 10314 | 006.7 PUL | 000020925 | 15/07/2025 | Book - Borrowing | ||||||||||
| Lost | Dewey Decimal Classification | Baccah | Central Library | Central Library | Lower Floor | 07/06/2010 | 80.00 | 10314 | 006.7 PUL | 000020924 | 01/07/2011 | Book - Borrowing | Lost In Inventory_2015-8-23 | ||||||||
| Dewey Decimal Classification | Baccah | Central Library | Central Library | Lower Floor | 07/06/2010 | 80.00 | 10314 | 1 | 006.7 PUL | 000020923 | 15/07/2025 | 21/07/2011 | Book - Borrowing | ||||||||
| Dewey Decimal Classification | Baccah | Central Library | Central Library | Lower Floor | 07/06/2010 | 80.00 | 10314 | 006.7 PUL | 000020922 | 15/07/2025 | Book - Borrowing | ||||||||||
| Dewey Decimal Classification | Baccah | Central Library | Central Library | Lower Floor | 07/06/2010 | 80.00 | 10314 | 006.7 PUL | 000020921 | 15/07/2025 | Book - Borrowing |